Riconosci il Pokémon - Quiz n°770 - Statistics

Statistiche generali
  • Questo quiz è stato fatto 1 volte
  • Il punteggio medio è 10 su 10
Statistiche sulle risposte
Indizio Riposta % Corretto
Altezza 1,2 m
100%
Peso 22,0 kg
100%
Sesso 50% ♂, 50% ♀
100%
Tasso di cattura 60 (14.8%)
100%
Pokémon Eelektrik
100%
Tipo Elettro
100%
Tasso di allevamento Lento
100%
Abilità Levitazione
100%
Stadio evoluzione Prima evoluzione
100%
Generazione Quinta
100%
Nessun quiz corrispondente trovato
Distribuzione punteggi
Percentuale di utenti per punteggio
Percentile per numero di risposta
I tuoi punteggi nel tempo
Non hai fatto questo quiz